| 000 | 01727nam a2200277 i 4500 | ||
|---|---|---|---|
| 001 | 162620 | ||
| 003 | ES-MaACL | ||
| 005 | 20250911063559.0 | ||
| 008 | 990325m17901796fr af |||| | fre d | ||
| 100 | 1 |
_aProny, Gaspard-Clair-François-Marie Riche de, _d1755-1839 _9152207 |
|
| 245 | 1 | 0 |
_aNouvelle architecture hydraulique : _bcontenant l'art d'élever l'eau au moyen de différentes machines, de construire dans ce fluide, de le diriger, et généralement de l'appliquer, de diverses manieres, aux besoins de la société / _cpar M. Gaspard Clair François Marie Riche de Prony... |
| 260 |
_aA Paris : _bchez Firmin Didot, Libraire, _c1790-1796 ( _fDe l'Imprimerie de Didot fils ainé ...) |
||
| 300 |
_a2 v. (XII, 621, [3], 72 p., 15 h. de grab. pleg. ; [2], 203, [1], 38 p., 52 h. de grab. pleg., II h. de grab. pleg. ; _c4º (29 cm) |
||
| 505 | 8 | _aContiene: I. Premiere partie. Contenant un traité de mécanique a l'usage de ceux qui se destinent aux constructions de tous les genres, et des Artistes en général -- II. Seconde partie. Contenant la description détaillée des machines a feu | |
| 530 | _aDisponible en formato digital. | ||
| 596 | _aMarca tip. en port. | ||
| 597 | _aSign.: [ ]2, b4, A-Z4, 2A-2Z4, 3A-3Z4, 4A-4I4, a-i4. | ||
| 597 | _aAntep. | ||
| 597 | _aApostillas marginales. | ||
| 599 | _aLas h. de grab. calc.: Bernard Sculpsit. | ||
| 650 | 7 |
_aIngeniería hidráulica _2embne _9136287 |
|
| 650 | 4 |
_aObras hidráulicas. _915671 |
|
| 852 | 4 |
_aES-MaACL _jR-1093-94 _z- Enc. perg., no original de la época _x Olim: G-11624-5 |
|
| 856 | 4 |
_uhttp://bibliotecavirtualdefensa.es/BVMDefensa/es/consulta/registro.do?id=82132 _zBiblioteca Virtual de Defensa |
|
| 999 |
_c162620 _d162620 |
||